Freedom's law: the moral reading of the american constitution
Guardado en:
| Autor principal: | |
|---|---|
| Formato: | Libro |
| Lenguaje: | español |
| Publicado: |
Cambridge
Cambridge
1996
|
| Materias: | |
| Etiquetas: |
Agregar Etiqueta
Sin Etiquetas, Sea el primero en etiquetar este registro!
|
MARC
| LEADER | 00000nam a2200000 a 4500 | ||
|---|---|---|---|
| 001 | UCJ2716 | ||
| 003 | CL-VaPUC | ||
| 008 | 070112e19960000us |||||||||||||||||spa|d | ||
| 020 | |a 0674319281 | ||
| 082 | 0 | 4 | |a 340.112 |b DWO |2 21 |
| 100 | |a Dworkin, Ronald |e author |9 257913 | ||
| 245 | 1 | 0 | |a Freedom's law: the moral reading of the american constitution |
| 300 | |a 404 p | ||
| 942 | |c BK | ||
| 945 | |d 20070112 00:00:00 |a jtorresc | ||
| 260 | |a Cambridge |b Cambridge |c 1996 | ||
| 650 | 0 | |a Aspectos morales y éticos |9 255877 | |
| 650 | 0 | |a Política mundial |9 255739 | |
| 650 | 0 | |a Derecho y ética |9 255883 | |
| 583 | |a last modification |c 20130724 07:10:07 |k Rodrigo Vera | ||
| 999 | |c 318850 |d 318848 | ||
| 952 | |0 0 |1 0 |4 0 |6 340_112000000000000_DWO_1996 |7 0 |8 A |9 397038 |a BIBDER |b BIBDER |d 2019-11-22 |i 4286529 |o 340.112 DWO 1996 |p 4286529 |r 2023-01-25 |w 2019-11-22 |y BK |k DER | ||